000
00223 a2200109 4500
020
_a
0009249021
041
_a
eng
100
_a
Yaccarino;Dan
245
_a
Zoom! Zoom! Zoom! im off to the moon!
942
_c
BK
952
_7
1
999
_c
19686
_d
19686